Statistiche per Presidenti della Repubblica Italiana

Clicka qui per fare il quiz!

Statistiche generali

  • Questo quiz è stato fatto 140 volte
  • Il punteggio medio è 4 su 12

Statistiche sulle risposte

annopresidente% Corretto
2015Sergio Mattarella
81%
2006Giorgio Napolitano
76%
1978Sandro Pertini
49%
1999Carlo Azeglio Ciampi
47%
1946Enrico De Nicola
37%
1992Oscar Luigi Scalfaro
33%
1948Luigi Einaudi
29%
1985Francesco Cossiga
27%
1971Giovanni Leone
14%
1964Giuseppe Saragat
12%
1962Antonio Segni
9%
1955Giovanni Gronchi
9%

Distribuzione punteggi

Percentile per numero di risposta

Percentuale di utenti per punteggio

I tuoi punteggi nel tempo

Non hai fatto questo quiz